| 000 | 00834nam a2200229Ia 4500 | ||
|---|---|---|---|
| 001 | 10309 | ||
| 003 | GE_BSU | ||
| 008 | 181216s||||||||xx |||||||||||||| ||und|| | ||
| 040 | _cGE_BSU | ||
| 080 | _a82-93:821.353.1-32 | ||
| 100 | _aურჯუმელაშვილი,ვანო | ||
| 245 | _aსამხრეთის ვარსკვლავი | ||
| 245 | _bსაბავშვო მოთხრობები | ||
| 245 | _cრედ:მ.ახვლედიანი;მხატვ:.პ.ცინცაძე | ||
| 260 | _aთბილისი. | ||
| 260 | _bნაკადული. | ||
| 260 | _c1971 | ||
| 300 | _a348გვ;ილ;20სმ. | ||
| 653 | _aსაბავშვო მოთხრობები | ||
| 653 | _aსამხრეთის ვარსკვლავი | ||
| 942 | _cBK | ||
| 999 |
_c43576 _d43576 |
||